Antropología aplicada

Uloženo v:
Podrobná bibliografie
Hlavní autor: Foster, George McClelland (Autor)
Médium: Kniha
Jazyk:španělština
Vydáno: Ciudad de México Fondo de Cultura Económica 1974
Edice:Breviarios, 232
Témata:
Tagy: Přidat tag
Žádné tagy, Buďte první, kdo vytvoří štítek k tomuto záznamu!

MARC

LEADER 00000nam a2200000 a 4500
001 UCW0520
003 CL-VaPUC
008 911002e19740000MX |||||||||||||||||spa|d
082 0 4 |a 306  |b FOS  |2 21 
100 0 |a Foster, George McClelland  |e author  |9 304441 
245 1 0 |a Antropología aplicada 
300 |a 348 p 
942 |c BK 
945 |d 19911002 00:00:00 
260 |a Ciudad de México  |b Fondo de Cultura Económica  |c 1974 
650 0 |a Antropología   |9 233030 
583 |a last modification  |c 19911002 00:00:00  |k Rodrigo Vera 
490 0 |a Breviarios, 232 
999 |c 215658  |d 215656 
952 |0 0  |1 0  |4 0  |6 306_000000000000000_FOS_1974  |7 0  |8 P  |9 200291  |a BIBEDU  |b BIBEDU  |c BIBEDU_PB  |d 2019-11-14  |i 1527770  |o 306 FOS 1974  |p 1527770  |r 2024-01-25  |w 2019-11-14  |y BK  |k EDU 
952 |0 0  |1 0  |4 0  |6 306_000000000000000_FOS_1974  |7 0  |8 P  |9 200292  |a BIBEDU  |b BIBEDU  |c BIBEDU_PB  |d 2019-11-14  |i 1527991  |o 306 FOS 1974  |p 1527991  |r 2024-01-25  |w 2019-11-14  |y BK  |k EDU